000 00666nam a22002177a 4500
003 UA-OsUOA
001 74722
007 ta
008 20110414b un ||||| |||| 00| 0 ukr d
100 _aПородко Ю.М.
090 _a330(477)
_bП59
942 _cSA
040 _aUA-OsUOA
_bukr
_cUA-OsUOA
_dUA-OsUOA
245 _aСистема економічних відносин при інституційному інвестуванні
300 _aС.101-109
955 _a0
041 _aukr
080 _a330(477)
773 0 _w74710
_tРегіональна економіка
_dЛьвів
_d2011
_g1
650 7 _a330 Економіка взагалі
_2UDC
999 _c361017
_d361017